[Event "II Magistral Copa Roggio C"]
[Site "?"]
[Date "2009.06.28"]
[Round "1"]
[White "Almiron, Antonio"]
[Black "Vazquez, Guillermo"]
[Result "1-0"]
[WhiteElo "2083"]
[BlackElo "1837"]
[PlyCount "61"]
[EventDate "2009.06.28"]
[SourceDate "2009.06.28"]

1. c4 e5 2. Nc3 g6 3. g3 Bg7 4. Bg2 Ne7 5. e3 c6 6. Nge2 O-O 7. O-O d6 8. d3
Nd7 9. Rb1 f5 10. b4 Nf6 11. b5 d5 12. bxc6 bxc6 13. cxd5 cxd5 14. Ba3 Re8 15.
Qb3 Be6 16. e4 Bf7 17. Bxe7 Rxe7 18. Nxd5 Nxd5 19. exd5 Rd7 20. Nc3 Qf6 21.
Rfc1 Rad8 22. Qa4 h5 23. Qc6 Rd6 24. Qc4 R6d7 25. a4 f4 26. Bh3 f3 27. Bxd7
Rxd7 28. Qc8+ Rd8 29. Ne4 Qe7 30. d6 Qe8 31. Rb8 1-0

[Event "II Magistral Copa Roggio C"]
[Site "?"]
[Date "2009.06.28"]
[Round "1"]
[White "Saldana, Fernando"]
[Black "Chang, Suzana"]
[Result "0-1"]
[WhiteElo "1835"]
[BlackElo "2060"]
[PlyCount "114"]
[EventDate "2009.06.28"]
[SourceDate "2009.06.28"]

1. e4 c5 2. Nf3 e6 3. Nc3 a6 4. a4 d6 5. d4 cxd4 6. Nxd4 Nf6 7. Bd3 Be7 8. O-O
O-O 9. Kh1 Nc6 10. Nb3 b6 11. f4 Bb7 12. Be3 Qc7 13. Qf3 e5 14. Rae1 Nb4 15. f5
d5 16. exd5 Nfxd5 17. Nxd5 Bxd5 18. Qg4 Nxd3 19. cxd3 Bxb3 20. f6 Bxf6 21. Rxf6
Be6 22. Qg3 Kh8 23. Rf2 Rac8 24. d4 exd4 25. Qxc7 Rxc7 26. Bxd4 b5 27. axb5
axb5 28. h3 Kg8 29. Rfe2 Rc4 30. Be5 Rd8 31. Re4 Rc2 32. R4e2 Rc4 33. Re4 Rxe4
34. Rxe4 h5 35. Bc3 Bc4 36. Rd4 Re8 37. Rd2 Kh7 38. Kg1 Re6 39. g3 g5 40. Kf2
Kg6 41. Bb4 Kf5 42. Bc3 Ra6 43. h4 gxh4 44. gxh4 Rg6 45. Rd1 Rg4 46. Rh1 Bd5
47. Rh2 b4 48. Bh8 b3 49. Ke2 Ke4 50. Bf6 Rg6 51. Rf2 Be6 52. Bg5 Bg4+ 53. Kd2
Rc6 54. Ke1 f5 55. Rd2 f4 56. Kf2 Rc2 57. Ke1 Ke3 0-1

[Event "II Magistral Copa Roggio C"]
[Site "?"]
[Date "2009.06.28"]
[Round "1"]
[White "Sartori, Sergio"]
[Black "Heinichen, John"]
[Result "0-1"]
[WhiteElo "2051"]
[BlackElo "1690"]
[PlyCount "84"]
[EventDate "2009.06.28"]
[SourceDate "2009.06.28"]

1. e4 e6 2. d4 c5 3. d5 exd5 4. exd5 d6 5. Nc3 Nf6 6. Nf3 Be7 7. Bd3 Bg4 8. O-O
O-O 9. h3 Bh5 10. Re1 Nbd7 11. Bf4 a6 12. a4 Kh8 13. a5 g5 14. Bxg5 Nxd5 15.
Bxe7 Nxe7 16. Be4 Ne5 17. g4 Bxg4 18. hxg4 Nxg4 19. Ng5 Qd7 20. Qf3 f5 21. Bd5
Ng6 22. Qh1 Rf6 23. Be6 Qg7 24. Nd5 Rff8 25. Ra3 N6e5 26. f4 Nc4 27. Rg3 Rae8
28. Nxh7 Qd4+ 29. Ne3 Rxe6 30. Nxf8+ Rh6 31. Rh3 Rxh3 32. Qxh3+ Kg8 33. Ng6
Ncxe3 34. Ne7+ Kf7 35. Qh7+ Kf6 36. Ng8+ Ke6 37. Qe7+ Kd5 38. Qxb7+ Ke6 39.
Qe7+ Kd5 40. Qb7+ Ke6 41. Qc8+ Kf7 42. Kh1 Qe4+ 0-1

[Event "II Magistral Copa Roggio C"]
[Site "?"]
[Date "2009.06.28"]
[Round "1"]
[White "Chaves, Nicolas"]
[Black "Perez, Hernan"]
[Result "1/2-1/2"]
[WhiteElo "1650"]
[BlackElo "1971"]
[PlyCount "83"]
[EventDate "2009.06.28"]
[SourceDate "2009.06.28"]

1. e4 c5 2. c4 d6 3. g3 Nf6 4. Bg2 Nc6 5. Nc3 g6 6. Nge2 Bg7 7. O-O O-O 8. h3
a6 9. d4 cxd4 10. Nxd4 Bd7 11. Be3 Rc8 12. b3 Qa5 13. Rc1 Nxd4 14. Bxd4 b5 15.
Nd5 Nxd5 16. exd5 bxc4 17. Bxg7 Kxg7 18. Qd4+ Kg8 19. bxc4 Qxa2 20. Rfe1 e5 21.
Qb6 Rxc4 22. Rxc4 Qxc4 23. Qxd6 Bb5 24. Qxe5 Qb4 25. Qe7 Qd2 26. Qe3 Qb4 27.
Qe4 Qxe4 28. Rxe4 Rd8 29. Rd4 Rd6 30. Bf1 Kf8 31. f4 Ke8 32. Kf2 Kd7 33. Bd3
Kc7 34. Ke3 Kb6 35. Bb1 Kc5 36. Ba2 Bf1 37. h4 Bg2 38. Rc4+ Kb6 39. Rd4 f5 40.
Rd2 Be4 41. Kd4 Kc7 42. Rb2 1/2-1/2

[Event "II Magistral Copa Roggio C"]
[Site "?"]
[Date "2009.06.28"]
[Round "1"]
[White "Benitez, Jose"]
[Black "Rivarola, Paul"]
[Result "1-0"]
[WhiteElo "1939"]
[BlackElo "1560"]
[PlyCount "65"]
[EventDate "2009.06.28"]
[SourceDate "2009.06.28"]

1. e4 c6 2. d4 d5 3. Nd2 dxe4 4. Nxe4 Nd7 5. Bd3 Ngf6 6. c3 Nxe4 7. Bxe4 Nf6 8.
Bc2 g6 9. Nf3 Bg7 10. O-O Bg4 11. h3 Bxf3 12. Qxf3 O-O 13. Re1 Re8 14. Bg5 Qb6
15. Bb3 a5 16. Re2 Qd8 17. Rae1 a4 18. Bc4 b5 19. Bd3 Qd7 20. a3 h6 21. Bh4 g5
22. Bg3 e6 23. Be5 Qd5 24. Qe3 Rac8 25. f4 g4 26. Bxf6 Bxf6 27. hxg4 Red8 28.
Qh3 Bg7 29. f5 exf5 30. Bxf5 Rb8 31. Re7 c5 32. Qh5 Rf8 33. Bh7+ 1-0

[Event "II Magistral Copa Roggio C"]
[Site "?"]
[Date "2009.06.28"]
[Round "1"]
[White "Moreno, Micaela"]
[Black "Florentin, Damaso"]
[Result "0-1"]
[WhiteElo "1554"]
[BlackElo "1939"]
[PlyCount "70"]
[EventDate "2009.06.28"]
[SourceDate "2009.06.28"]

1. e4 e5 2. Nf3 Nc6 3. Bb5 Nge7 4. O-O Ng6 5. d3 Be7 6. Be3 O-O 7. Nbd2 d6 8.
c3 f5 9. exf5 Bxf5 10. Qe2 h6 11. Rfe1 Nh8 12. Ba4 g5 13. h3 Ng6 14. Nf1 Nf4
15. Bxf4 gxf4 16. Bc2 Bf6 17. Rad1 Qe8 18. N1h2 Qg6 19. Kh1 h5 20. Rg1 Kh8 21.
Nd2 Rg8 22. Nc4 Be7 23. Qf3 Rg7 24. Bb3 Rf8 25. Nf1 Nd8 26. Kh2 c6 27. Bc2 d5
28. Ncd2 Ne6 29. g3 Ng5 30. Qe2 Nxh3 31. Rg2 Bf6 32. Nf3 e4 33. dxe4 dxe4 34.
Ng1 f3 35. Nxf3 exf3 0-1

[Event "II Magistral Copa Roggio C"]
[Site "?"]
[Date "2009.06.28"]
[Round "1"]
[White "Lipiniks, Leonardo"]
[Black "Benitez, Eduardo"]
[Result "1-0"]
[WhiteElo "1892"]
[BlackElo "1471"]
[PlyCount "129"]
[EventDate "2009.06.28"]
[SourceDate "2009.06.28"]

1. e4 c6 2. d4 d5 3. e5 Bf5 4. Nf3 e6 5. c3 Nd7 6. Bd3 Bxd3 7. Qxd3 f5 8. exf6
Ngxf6 9. O-O Bd6 10. Re1 O-O 11. Bg5 Qc7 12. Nbd2 e5 13. dxe5 Nxe5 14. Nxe5
Bxe5 15. Qh3 Rae8 16. Nf3 Ne4 17. Be3 Bf6 18. Nd4 Bxd4 19. cxd4 Nd6 20. f3 Qf7
21. Bf2 Nf5 22. Qg4 Nd6 23. Qg5 Qf6 24. Qd2 Rf7 25. Rxe8+ Nxe8 26. Re1 Re7 27.
Rxe7 Qxe7 28. g3 Nd6 29. b3 Qf6 30. Kg2 Kf7 31. Qa5 Nb5 32. Qd2 h6 33. a4 Nd6
34. Be3 a6 35. Bf4 Nf5 36. Be5 Qg6 37. a5 Kg8 38. Qf4 Ne7 39. Qg4 Qxg4 40. fxg4
Kf7 41. h4 Nc8 42. h5 b6 43. b4 bxa5 44. bxa5 Na7 45. Kf3 Nb5 46. g5 hxg5 47.
Kg4 Na3 48. Kxg5 Nc4 49. Bc7 Nd2 50. Kf5 Ne4 51. g4 c5 52. dxc5 Nxc5 53. Be5
Nb3 54. g5 d4 55. h6 g6+ 56. Ke4 Kg8 57. Bc7 Nc5+ 58. Kxd4 Ne6+ 59. Kd5 Nxc7+
60. Kc6 Ne6 61. Kb6 Nxg5 62. Kxa6 Ne6 63. Kb6 Nf8 64. a6 Nd7+ 65. Kc7 1-0

[Event "II Magistral Copa Roggio C"]
[Site "?"]
[Date "2009.06.28"]
[Round "1"]
[White "Alderete, Jazmin"]
[Black "Roman, Rodrigo"]
[Result "0-1"]
[WhiteElo "1435"]
[BlackElo "1848"]
[PlyCount "66"]
[EventDate "2009.06.28"]
[SourceDate "2009.06.28"]

1. Nf3 Nf6 2. g3 g6 3. Bg2 Bg7 4. O-O O-O 5. c4 c5 6. Nc3 Nc6 7. d3 d5 8. cxd5
Nxd5 9. Nxd5 Qxd5 10. Rb1 Qxa2 11. Be3 Nd4 12. Re1 Qb3 13. Qxb3 Nxb3 14. Ng5
Rb8 15. Bd5 Nd4 16. Bd2 h6 17. Ne4 b6 18. Bf4 e5 19. Bd2 Rd8 20. Nc3 Bf5 21. f4
Nxe2+ 22. Nxe2 Rxd5 23. fxe5 Bxd3 24. Nc3 Rxe5 25. Rxe5 Bxe5 26. Rd1 c4 27.
Bxh6 b5 28. Nd5 Rd8 29. Ne7+ Kh7 30. Bd2 Bd4+ 31. Kg2 Be4+ 32. Kf1 Re8 33. Bc1
Bd3+ 0-1

[Event "II Magistral Copa Roggio C"]
[Site "?"]
[Date "2009.06.29"]
[Round "2"]
[White "Roman, Rodrigo"]
[Black "Almiron, Antonio"]
[Result "0-1"]
[WhiteElo "1848"]
[BlackElo "2083"]
[PlyCount "54"]
[EventDate "2009.06.28"]
[SourceDate "2009.06.29"]

1. e4 c5 2. Nc3 Nc6 3. g3 g6 4. Bg2 Bg7 5. d3 d6 6. Be3 e6 7. Qd2 Nge7 8. Bh6
Bxh6 9. Qxh6 Nd4 10. Qd2 e5 11. Nd1 Be6 12. c3 Ndc6 13. Ne3 f5 14. Ne2 d5 15.
exd5 Nxd5 16. f4 exf4 17. Nxd5 Bxd5 18. Nxf4 Bxg2 19. Nxg2 Qe7+ 20. Kf2 O-O-O
21. Rhe1 Qd6 22. Rad1 Rhe8 23. Rxe8 Rxe8 24. Qf4 Ne5 25. Kg1 Qd5 26. d4 Ng4 27.
h3 Re2 0-1

[Event "II Magistral Copa Roggio C"]
[Site "?"]
[Date "2009.06.29"]
[Round "2"]
[White "Chang, Suzana"]
[Black "Lipiniks, Leonardo"]
[Result "1/2-1/2"]
[WhiteElo "2060"]
[BlackElo "1892"]
[PlyCount "99"]
[EventDate "2009.06.28"]
[SourceDate "2009.06.29"]

1. d4 d5 2. g3 e6 3. Bg2 c5 4. Nf3 Nc6 5. O-O f5 6. c4 Nf6 7. Nc3 cxd4 8. Nxd4
Be7 9. Nxe6 Bxe6 10. cxd5 Nxd5 11. Bxd5 Bxd5 12. Qxd5 Qxd5 13. Nxd5 Kf7 14.
Nxe7 Kxe7 15. Rd1 h6 16. Be3 Rad8 17. b4 b6 18. b5 Nb4 19. Bd2 Nd5 20. a4 Rd7
21. a5 Rhd8 22. Rdc1 Ke8 23. axb6 axb6 24. Bc3 Nxc3 25. Rxc3 Rd1+ 26. Rxd1
Rxd1+ 27. Kg2 Rb1 28. Rc7 Kf8 29. h4 Rxb5 30. Kf3 Rb4 31. h5 b5 32. Rb7 Kg8 33.
Ke3 Kf8 34. f4 Re4+ 35. Kf3 Rb4 36. Ke3 Re4+ 37. Kd3 Rb4 38. Kc3 Rc4+ 39. Kb3
Re4 40. Rxb5 Rxe2 41. Rxf5+ Ke7 42. g4 Rg2 43. g5 hxg5 44. Rxg5 Rxg5 45. fxg5
Ke6 46. Kc4 Kf5 47. h6 gxh6 48. gxh6 Kg6 49. h7 Kxh7 50. Kd5 1/2-1/2

[Event "II Magistral Copa Roggio C"]
[Site "?"]
[Date "2009.06.29"]
[Round "2"]
[White "Heinichen, John"]
[Black "Benitez, Jose"]
[Result "0-1"]
[WhiteElo "1690"]
[BlackElo "1939"]
[PlyCount "96"]
[EventDate "2009.06.28"]
[SourceDate "2009.06.29"]

1. e4 e6 2. d3 d5 3. Nd2 c5 4. g3 Nc6 5. Bg2 Nf6 6. Ngf3 Be7 7. O-O O-O 8. e5
Nd7 9. Re1 Qc7 10. Qe2 b5 11. c3 a5 12. h4 Ba6 13. Nf1 Rfc8 14. Bf4 b4 15. N1h2
bxc3 16. bxc3 Rcb8 17. Ng5 Qb6 18. Qh5 Bxg5 19. hxg5 Bxd3 20. Ng4 Bg6 21. Qh3
Qb2 22. Nf6+ gxf6 23. exf6 Kh8 24. Bxb8 Rxb8 25. Qh6 Rg8 26. Bxd5 Nce5 27. f4
Ng4 28. Qh3 Qf2+ 29. Kh1 Qxe1+ 30. Rxe1 Nf2+ 31. Kg2 Nxh3 32. Bc6 Nxf4+ 33.
gxf4 Nb6 34. Re5 Nd5 35. Bxd5 exd5 36. Kf3 Rd8 37. Kg4 d4 38. cxd4 cxd4 39. Re1
Bc2 40. g6 hxg6 41. Rh1+ Kg8 42. Rh2 d3 43. Rd2 Re8 44. Kf3 Re1 45. Kf2 Rd1 46.
Ke3 Rxd2 47. Kxd2 Kf8 48. Kc3 Ke8 0-1

[Event "II Magistral Copa Roggio C"]
[Site "?"]
[Date "2009.06.29"]
[Round "2"]
[White "Sartori, Sergio"]
[Black "Chaves, Nicolas"]
[Result "1-0"]
[WhiteElo "2051"]
[BlackElo "1650"]
[PlyCount "105"]
[EventDate "2009.06.28"]
[SourceDate "2009.06.29"]

1. e4 e6 2. d4 d5 3. e5 c5 4. c3 Qb6 5. Nf3 Bd7 6. Bd3 Bb5 7. O-O Bxd3 8. Qxd3
Nc6 9. dxc5 Bxc5 10. a4 a5 11. Na3 Nge7 12. Bf4 Ng6 13. Bg3 O-O 14. Nb5 Na7 15.
Nbd4 Bxd4 16. Qxd4 Qxd4 17. Nxd4 Nc6 18. Nxc6 bxc6 19. b4 Rfb8 20. Rfb1 axb4
21. cxb4 Rb6 22. Ra2 h5 23. h3 h4 24. Bh2 Rba6 25. Rba1 Rb6 26. Rb2 Rba6 27.
Rba2 Rb6 28. Rb1 Rab8 29. Kf1 Kf8 30. f4 Ke8 31. a5 Ra6 32. Ke2 Rb5 33. Kd3 c5
34. Rc2 cxb4 35. Rc8+ Ke7 36. Rbc1 Ra7 37. a6 Kd7 38. Bg1 Nxf4+ 39. Ke3 b3 40.
Kxf4 b2 41. Bxa7 bxc1=Q+ 42. Rxc1 Ra5 43. Bb8 Rxa6 44. Rc7+ Ke8 45. Rc8+ Kd7
46. Rg8 Ra8 47. Rf8 Kc6 48. Bd6 Ra2 49. Kf3 d4 50. Rxf7 d3 51. Rxg7 d2 52. Ke2
Kd5 53. Rg4 1-0

[Event "II Magistral Copa Roggio C"]
[Site "?"]
[Date "2009.06.29"]
[Round "2"]
[White "Vazquez, Guillermo"]
[Black "Moreno, Micaela"]
[Result "1-0"]
[WhiteElo "1837"]
[BlackElo "1554"]
[PlyCount "75"]
[EventDate "2009.06.28"]
[SourceDate "2009.06.29"]

1. e4 c5 2. Nf3 Nc6 3. d4 cxd4 4. Nxd4 Nf6 5. Nc3 e6 6. a3 Be7 7. Be3 d5 8. Bb5
Bd7 9. exd5 exd5 10. O-O O-O 11. h3 a6 12. Be2 Re8 13. Bf3 Nxd4 14. Bxd4 Be6
15. Qd3 Qd6 16. Rad1 Rad8 17. b4 Nd7 18. Rfe1 Bf6 19. Bxf6 Nxf6 20. Nxd5 Nxd5
21. Bxd5 Bxd5 22. Rxe8+ Rxe8 23. Qxd5 Qc7 24. c4 h6 25. c5 Qe7 26. Rd3 Qe2 27.
Rf3 Qe7 28. Re3 Qd8 29. Qxd8 Rxd8 30. Re7 Rb8 31. Kf1 Kf8 32. Rc7 Ke8 33. Ke2
b6 34. c6 b5 35. Rb7 Rc8 36. Rb6 Ra8 37. c7 Kd7 38. Rb8 1-0

[Event "II Magistral Copa Roggio C"]
[Site "?"]
[Date "2009.06.29"]
[Round "2"]
[White "Benitez, Eduardo"]
[Black "Saldana, Fernando"]
[Result "0-1"]
[WhiteElo "1471"]
[BlackElo "1835"]
[PlyCount "104"]
[EventDate "2009.06.28"]
[SourceDate "2009.06.29"]

1. d4 Nf6 2. c4 e6 3. Nc3 Bb4 4. Bd2 b6 5. e3 Bb7 6. Nf3 O-O 7. Bd3 c5 8. a3
Bxc3 9. Bxc3 d6 10. d5 e5 11. e4 Nbd7 12. Nd2 Qe7 13. Qe2 Rfb8 14. O-O h6 15.
b4 Bc8 16. f4 exf4 17. Rxf4 Ne5 18. Re1 Bg4 19. Qf1 Rb7 20. h3 Bh5 21. Rf5 Bg6
22. Bxe5 dxe5 23. Rf2 cxb4 24. axb4 Qxb4 25. Rb1 Qe7 26. Qe1 Nd7 27. Nb3 Nc5
28. Qe3 Nxb3 29. Rxb3 Rc7 30. Ra2 Rd8 31. Rb5 Rdc8 32. Kh2 f6 33. Qd2 Rd8 34.
Ra6 Rdd7 35. Qa2 Kh8 36. Rb1 Qc5 37. Ra1 Qe3 38. Qb1 Qc5 39. R1a4 Bf7 40. Qa1
Qe7 41. Be2 Rb7 42. d6 Qxd6 43. Rxa7 Rxa7 44. Rxa7 Rxa7 45. Qxa7 Bg6 46. Qa8+
Kh7 47. Qd5 Qc5 48. Bd1 Qf2 49. Bf3 Qd4 50. Qc6 Qc5 51. Qd5 Qc7 52. Bd1 Bf7 0-1

[Event "II Magistral Copa Roggio C"]
[Site "?"]
[Date "2009.06.29"]
[Round "2"]
[White "Rivarola, Paul"]
[Black "Alderete, Jazmin"]
[Result "1/2-1/2"]
[WhiteElo "1560"]
[BlackElo "1435"]
[PlyCount "100"]
[EventDate "2009.06.28"]
[SourceDate "2009.06.29"]

1. d4 d5 2. c4 e6 3. Nc3 Nf6 4. Bg5 Be7 5. Nf3 O-O 6. e3 Nbd7 7. Bd3 c5 8. O-O
h6 9. Bh4 b6 10. cxd5 Nxd5 11. Nxd5 Bxh4 12. Nxh4 Qxh4 13. Nc7 Rb8 14. Qa4 cxd4
15. exd4 a5 16. Bb5 Rd8 17. Rfd1 Nf6 18. h3 Bb7 19. Rac1 Rd6 20. Bc6 Bxc6 21.
Rxc6 Rxc6 22. Qxc6 Qe4 23. Qxe4 Nxe4 24. d5 Rd8 25. f3 Nf6 26. d6 Nd7 27. Rc1
Nc5 28. Nb5 e5 29. a3 f6 30. b4 axb4 31. axb4 Nd3 32. Rc6 Nxb4 33. Rxb6 Nd5 34.
Rc6 Nb4 35. Rc7 Nd5 36. Rb7 f5 37. Na7 Rxd6 38. Nc8 Rc6 39. Ne7+ Nxe7 40. Rxe7
Rc5 41. Kf2 Kh7 42. g4 f4 43. h4 Kg6 44. Re6+ Kf7 45. Rb6 Rc2+ 46. Kf1 Rc4 47.
Kf2 e4 48. fxe4 Rxe4 49. Kf3 Ra4 50. g5 hxg5 1/2-1/2

[Event "II Magistral Copa Roggio C"]
[Site "?"]
[Date "2009.06.30"]
[Round "3"]
[White "Benitez, Jose"]
[Black "Chang, Suzana"]
[Result "0-1"]
[WhiteElo "1939"]
[BlackElo "2060"]
[PlyCount "56"]
[EventDate "2009.06.28"]
[SourceDate "2009.06.30"]

1. e4 c5 2. Nf3 e6 3. d4 cxd4 4. Nxd4 a6 5. Nc3 Qc7 6. Be2 Nf6 7. O-O Be7 8.
Kh1 O-O 9. f4 d6 10. Bf3 Nc6 11. Nde2 b5 12. g4 b4 13. Na4 d5 14. Ng3 dxe4 15.
Nxe4 Rd8 16. Qe1 Nxe4 17. Bxe4 Bb7 18. Be3 Nd4 19. Bg1 Nxc2 20. Qe2 Nxa1 21.
Bb6 Bxe4+ 22. Qxe4 Qc2 23. Qxc2 Nxc2 24. Bxd8 Rxd8 25. Rc1 Ne3 26. h3 Nd5 27.
Rc6 Nxf4 28. Rxa6 g5 0-1

[Event "II Magistral Copa Roggio C"]
[Site "?"]
[Date "2009.06.30"]
[Round "3"]
[White "Lipiniks, Leonardo"]
[Black "Perez, Hernan"]
[Result "1-0"]
[WhiteElo "1892"]
[BlackElo "1971"]
[PlyCount "43"]
[EventDate "2009.06.28"]
[SourceDate "2009.06.30"]

1. e4 c5 2. d3 g6 3. f4 d6 4. Nf3 Bg7 5. c3 Nc6 6. Be2 e6 7. O-O Nge7 8. Be3
O-O 9. Nbd2 b5 10. Kh1 b4 11. d4 bxc3 12. bxc3 f5 13. dxc5 Bxc3 14. cxd6 Qxd6
15. Rc1 Bg7 16. Bc5 Qd8 17. e5 h6 18. Bb5 Rf7 19. Nc4 Bf8 20. Qa4 Nb8 21. Nd6
Rh7 22. Nxc8 1-0

[Event "II Magistral Copa Roggio C"]
[Site "?"]
[Date "2009.06.30"]
[Round "3"]
[White "Vazquez, Guillermo"]
[Black "Sartori, Sergio"]
[Result "0-1"]
[WhiteElo "1837"]
[BlackElo "2051"]
[PlyCount "82"]
[EventDate "2009.06.28"]
[SourceDate "2009.06.30"]

1. e4 e5 2. Nf3 Nc6 3. Bb5 Bc5 4. c3 Nf6 5. d3 d6 6. Be3 Bb6 7. Nbd2 O-O 8. Bg5
Ne7 9. Bxf6 gxf6 10. h4 f5 11. Bc4 d5 12. Ng5 h6 13. exd5 hxg5 14. hxg5 Kg7 15.
Rh6 Ng6 16. Qh5 Rh8 17. O-O-O Bxf2 18. Rh1 Be3 19. d6 Qg8 20. dxc7 Bd7 21. Kc2
Bxd2 22. Kxd2 b5 23. Bb3 Rc8 24. g4 f4 25. Bc2 Bc6 26. Rh2 Rxc7 27. b3 Re7 28.
d4 e4 29. Ke2 Rd7 30. Ke1 b4 31. Qh3 a5 32. Qf1 Rxh6 33. Rxh6 Qe8 34. Qh3 Qg8
35. Qf1 f6 36. Qh3 fxg5 37. Qh5 Kf6 38. Qh3 bxc3 39. Qxc3 Qd5 40. Kf1 Bb5+ 41.
Kg2 Qxd4 0-1

[Event "II Magistral Copa Roggio C"]
[Site "?"]
[Date "2009.06.30"]
[Round "3"]
[White "Saldana, Fernando"]
[Black "Florentin, Damaso"]
[Result "1-0"]
[WhiteElo "1835"]
[BlackElo "1929"]
[PlyCount "75"]
[EventDate "2009.06.28"]
[SourceDate "2009.06.30"]

1. e4 e5 2. Nf3 Nc6 3. d4 exd4 4. Nxd4 d6 5. Bc4 Nf6 6. Nc3 Bg4 7. f3 Nxd4 8.
Qxd4 Be6 9. Be3 Be7 10. O-O-O a6 11. g4 c5 12. Qd3 Qc8 13. g5 Nd7 14. f4 b5 15.
Bd5 Rb8 16. f5 Ne5 17. Qf1 Bd7 18. f6 gxf6 19. gxf6 Bf8 20. Bf4 b4 21. Ne2 Bh3
22. Qf2 h5 23. Rhg1 Be6 24. Rg2 Ng4 25. Qg3 Nxf6 26. Bxd6 h4 27. Qe5 Bxd6 28.
Qxf6 Rf8 29. Bxe6 fxe6 30. Qg6+ Ke7 31. Qg5+ Kd7 32. e5 Rb6 33. Qg7+ Ke8 34.
exd6 Rb7 35. Qg6+ Kd7 36. Qe4 Rf7 37. Nf4 e5 38. Ng6 1-0

[Event "II Magistral Copa Roggio C"]
[Site "?"]
[Date "2009.06.30"]
[Round "3"]
[White "Heinichen, John"]
[Black "Roman, Roman"]
[Result "0-1"]
[WhiteElo "1690"]
[BlackElo "1848"]
[PlyCount "65"]
[EventDate "2009.06.28"]
[SourceDate "2009.06.30"]

1. e4 e6 2. d3 d5 3. Nd2 Nf6 4. Ngf3 dxe4 5. dxe4 Bc5 6. Bd3 Nc6 7. O-O e5 8.
Nb3 Bd6 9. Be3 O-O 10. h3 a5 11. a4 Nb4 12. Qe2 Qe7 13. Rac1 b6 14. Bg5 Nxd3
15. cxd3 Ba6 16. Nh4 h6 17. Nf5 Qe6 18. Bxf6 Qxf6 19. Nd2 Rad8 20. Nc4 Bc5 21.
Kh1 Bc8 22. f4 exf4 23. Rxf4 Bxf5 24. Rxf5 Qe6 25. Nxa5 g6 26. Rf3 Ra8 27. Nb7
Bd4 28. e5 Rxa4 29. Rxc7 Ra1+ 30. Rf1 Qxe5 31. Rc2 Qxe2 32. Rxe2 Rxf1+ 33. Kh2
0-1

[Event "II Magistral Copa Roggio C"]
[Site "?"]
[Date "2009.06.30"]
[Round "3"]
[White "Chaves, Nicolas"]
[Black "Aldereete, Jazmin"]
[Result "0-1"]
[WhiteElo "1650"]
[BlackElo "1435"]
[PlyCount "80"]
[EventDate "2009.06.28"]
[SourceDate "2009.06.30"]

1. e4 e5 2. Nf3 d6 3. d4 exd4 4. Nxd4 Nf6 5. Nc3 Be7 6. b3 O-O 7. Bb2 c5 8. Nf3
Nc6 9. Be2 Be6 10. O-O Re8 11. Nd2 a6 12. f4 Bf8 13. f5 Bd7 14. Rf4 Qc7 15. Rh4
Ne5 16. Nc4 Nxc4 17. Bxc4 Bc6 18. Nd5 Nxd5 19. Bxd5 Bxd5 20. Qxd5 Qc6 21. Rd1
Rac8 22. Rd3 c4 23. Qxc6 Rxc6 24. Rdh3 h6 25. Rc3 Be7 26. Rhh3 Bf6 27. e5 Bxe5
28. Rce3 Kf8 29. Bxe5 Rxe5 30. bxc4 Rxc4 31. Rxe5 dxe5 32. f6 Rxc2 33. fxg7+
Kxg7 34. a3 f5 35. Rb3 b5 36. h3 Kf6 37. Kh2 f4 38. h4 e4 39. Kh3 Rd2 40. a4
Rd3+ 0-1

[Event "II Magistral Copa Roggio C"]
[Site "?"]
[Date "2009.06.30"]
[Round "3"]
[White "Moreno, Micaela"]
[Black "Benitez, Eduardo"]
[Result "0-1"]
[WhiteElo "1554"]
[BlackElo "1471"]
[PlyCount "82"]
[EventDate "2009.06.28"]
[SourceDate "2009.06.30"]

1. e4 b6 2. d4 Bb7 3. Nc3 e6 4. Bd3 Bb4 5. Bd2 Ne7 6. Nf3 O-O 7. a3 Bxc3 8.
Bxc3 f5 9. exf5 Nxf5 10. Qe2 Nh4 11. Be4 Nxf3+ 12. Bxf3 Bxf3 13. gxf3 Qg5 14.
Qe4 Nc6 15. Qg4 Qxg4 16. fxg4 Rf4 17. O-O-O Rxf2 18. Rd2 Raf8 19. h3 Ne7 20.
Rh2 Rf1+ 21. Rd1 Nd5 22. Bd2 R8f2 23. Rh1 Rxd1+ 24. Kxd1 b5 25. Ke1 Rg2 26. Rf1
Rh2 27. Rf3 h6 28. Kd1 Nf6 29. Bxh6 gxh6 30. Rxf6 Rxh3 31. Kd2 Kg7 32. Rf2 Rg3
33. Rf4 a5 34. Re4 c6 35. Rf4 Kg6 36. Ke2 Kg5 37. Rf7 d5 38. Re7 Rxg4 39. Rxe6
Re4+ 40. Rxe4 dxe4 41. Ke3 Kf5 0-1

[Event "II Magistral Copa Roggio C"]
[Site "?"]
[Date "2009.07.01"]
[Round "4"]
[White "Almiron, Antonio"]
[Black "Lipiniks, Leonardo"]
[Result "1-0"]
[WhiteElo "2083"]
[BlackElo "1892"]
[PlyCount "65"]
[EventDate "2009.06.28"]
[SourceDate "2009.07.01"]

1. Nf3 Nf6 2. g3 b6 3. Bg2 Bb7 4. O-O e6 5. c4 Be7 6. d4 c5 7. d5 exd5 8. Nh4
d6 9. Nc3 Qd7 10. cxd5 O-O 11. e4 Ne8 12. f4 Bxh4 13. gxh4 Qe7 14. h5 Nd7 15.
Re1 Qf6 16. Qg4 Bc8 17. Qg3 Rb8 18. e5 Qf5 19. Bf3 dxe5 20. fxe5 f6 21. Bg4
Qxg4 22. Qxg4 Nxe5 23. Qg3 Nd6 24. Bf4 Nf5 25. Qf2 Nd3 26. Bxb8 Nxf2 27. Kxf2
Bd7 28. Bxa7 Nd4 29. Re7 Bg4 30. Rg1 Nf5 31. Rb7 Bxh5 32. Bxb6 g5 33. Bxc5 1-0

[Event "II Magistral Copa Roggio C"]
[Site "?"]
[Date "2009.07.01"]
[Round "4"]
[White "Roman, Rodrigo"]
[Black "Sartori, Sergio"]
[Result "1/2-1/2"]
[WhiteElo "1848"]
[BlackElo "2051"]
[PlyCount "109"]
[EventDate "2009.06.28"]
[SourceDate "2009.07.01"]

1. d4 d6 2. Nf3 g6 3. Bg5 Bg7 4. Nbd2 h6 5. Bh4 g5 6. Bg3 g4 7. Ng1 Bxd4 8. c3
Bg7 9. e4 h5 10. Bh4 d5 11. Qb3 c6 12. O-O-O Qb6 13. exd5 cxd5 14. Qxd5 Be6 15.
Qb5+ Nc6 16. Nb3 Bd7 17. Nc5 Bf5 18. Bg5 Bh6 19. Bxh6 Rxh6 20. Bc4 Qxb5 21.
Bxb5 a6 22. Bd3 Bxd3 23. Nxd3 O-O-O 24. Ne2 Rhd6 25. Ndf4 Nf6 26. Rxd6 exd6 27.
Rd1 h4 28. Nd5 Nxd5 29. Rxd5 Ne5 30. Nf4 Kd7 31. Nd3 Re8 32. Kd1 Nxd3 33. Rxd3
f5 34. g3 h3 35. f3 Rg8 36. Ke2 Ke6 37. fxg4 Rxg4 38. Kf3 Re4 39. b3 b5 40. a3
Ke5 41. Rd1 a5 42. Rd3 d5 43. Re3 a4 44. b4 Ke6 45. Re2 Kf7 46. Re3 Kf6 47. Kf2
Ke6 48. Kf3 Ke5 49. Kf2 Kf6 50. Kf3 Kg5 51. Rd3 Rc4 52. Ke3 Re4+ 53. Kf3 Rc4
54. Ke3 Re4+ 55. Kf3 1/2-1/2

[Event "II Magistral Copa Roggio C"]
[Site "?"]
[Date "2009.07.01"]
[Round "4"]
[White "Saldana, Fernando"]
[Black "Benitez, Jose"]
[Result "1-0"]
[WhiteElo "1835"]
[BlackElo "1939"]
[PlyCount "99"]
[EventDate "2009.06.28"]
[SourceDate "2009.07.01"]

1. e4 e6 2. d4 d5 3. Nd2 c5 4. exd5 exd5 5. Bb5+ Bd7 6. Bxd7+ Nxd7 7. Ne2 Ngf6
8. O-O Bd6 9. Nf3 O-O 10. Bf4 Qc7 11. Bxd6 Qxd6 12. Ng3 Rfe8 13. Re1 Rxe1+ 14.
Qxe1 Re8 15. Qa5 a6 16. Re1 Rxe1+ 17. Qxe1 g6 18. dxc5 Nxc5 19. Qe5 Qxe5 20.
Nxe5 Kf8 21. f3 Ke7 22. Kf2 Kd6 23. Nd3 Nxd3+ 24. cxd3 Ke5 25. Ne2 d4 26. f4+
Kd5 27. Kf3 h5 28. h3 Nd7 29. g4 hxg4+ 30. Kxg4 Nc5 31. Nc1 f6 32. h4 Ke6 33.
b4 Na4 34. Nb3 Nc3 35. Nxd4+ Kd5 36. Nc2 Kd6 37. a3 Nd1 38. Kf3 Ke6 39. Nd4+
Kd5 40. Nc2 Nb2 41. Ke3 Nd1+ 42. Kd2 Nf2 43. Ke2 Nh3 44. Ke3 b6 45. Ne1 a5 46.
Nf3 Ke6 47. bxa5 bxa5 48. Nd2 Kd5 49. Nc4 Kc5 50. Nxa5 1-0

[Event "II Magistral Copa Roggio C"]
[Site "?"]
[Date "2009.07.01"]
[Round "4"]
[White "Alderete, Jazmin"]
[Black "Perez, Hernan"]
[Result "1/2-1/2"]
[WhiteElo "1435"]
[BlackElo "1971"]
[PlyCount "79"]
[EventDate "2009.06.28"]
[SourceDate "2009.07.01"]

1. Nf3 c5 2. e3 g6 3. d4 Bg7 4. b3 Nf6 5. Bb2 O-O 6. Be2 d5 7. O-O Ne4 8. Nbd2
Nc6 9. Ne5 cxd4 10. Nxc6 bxc6 11. Nxe4 dxe4 12. Bxd4 Bxd4 13. Qxd4 Qxd4 14.
exd4 Rd8 15. Rad1 Bf5 16. Rfe1 h5 17. c3 a5 18. f3 Kf8 19. fxe4 Bxe4 20. Bxh5
Bc2 21. Rc1 Bxb3 22. axb3 gxh5 23. Re5 Rd5 24. Rce1 Rb8 25. Ra1 Rxe5 26. dxe5
Rb5 27. Ra3 Rxe5 28. Kf2 Kg7 29. Kf3 f5 30. Ra4 Rd5 31. Ke3 Rb5 32. Ra3 e5 33.
c4 Rc5 34. g3 Kf6 35. h4 Ke6 36. Ra2 e4 37. Kd4 Re5 38. Ke3 Kf6 39. Ra3 Kg6 40.
Ra2 1/2-1/2